000 00842nam a22002417a 4500
999 _c7185
_d7185
003 AR-CdUCM
008 190320b ||||| |||| 00| 0 spa d
020 _a968-26-0606-3
040 _aMUNICIPALIDAD PROVINCIAL DEL CUSCO
_cBIBLIOTECA MUNICIPAL DEL CUSCO
041 _heng
082 _a658.40 /
_bR91
100 _aRuch, Richard S.
_920257
245 _aImágen en la cima :
_bCrisis y renacimiento en el liderazgo empresarial /
260 _aMéxico :
_bContinental,
_c1986.
300 _a159 páginas ;
_bfiguras,
_c23 cm.
505 _aContenido: Panorama -- Esencia de la crisis -- Retorno a lo básico --
650 _aLiderazgo
_93124
650 _aComunicación empresarial
_920258
650 _aAuditoría
_910961
700 _aDe la Campa Perez-Sevilla, Ascension (traducción)
_920259
942 _2ddc
_cLIBROS
945 _aachl